000 00263nam a22001097a 4500
008 170125b xxu||||| |||| 00| 0 eng d
020 _a9780781781886
041 _aeng
080 _25TH
_a61
245 _aESSENTIALS OF FAMILY MEDICINE
_cSLOANE, P.D
942 _2udc
_cBK
999 _c3662
_d3662